The body selected essays
Αποθηκεύτηκε σε:
| Κύριος συγγραφέας: | |
|---|---|
| Μορφή: | Βιβλίο |
| Γλώσσα: | English |
| Δημοσίευση: |
Berkeley :
University of California Press,
c2001
|
| Θέματα: | |
| Ετικέτες: |
Προσθήκη ετικέτας
Δεν υπάρχουν, Καταχωρήστε ετικέτα πρώτοι!
|
MARC
| LEADER | 00000nam a2200000 i 4500 | ||
|---|---|---|---|
| 001 | 1/78465 | ||
| 008 | 050610s1999 eng d | ||
| 020 | |a 0-520-22908-8 | ||
| 035 | |l 10078509 | ||
| 040 | |a GR-MY-UA |b gre |e aacr | ||
| 041 | 0 | |a eng | |
| 082 | 0 | |a 128.6 |2 (22) | |
| 100 | 1 | |a Danto, Arthur C., |d 1924-2013. | |
| 245 | 1 | 4 | |a The body/body problem : |b selected essays / |c Arthur C. Danto |
| 260 | |a Berkeley : |b University of California Press, |c c2001 | ||
| 300 | |a xi, 262 σ.; |c 23 εκ. | ||
| 504 | |a Περιέχει ευρετήριο | ||
| 650 | 0 | 0 | |a Representation (Philosophy) |
| 852 | |a INST |b LESVOS |e 20050610 |h 128.6 DAN |p 005100032342 |q 005100032342 |t BK |y 0 | ||
| 901 | |a BIBL1-2005-2 | ||
| 909 | |a Λ |b 113770 | ||
| 920 | |a ΔΙΕΥΡΥΝΣΗ |b ΕΠΕΑΕΚ-ΠΤΕ |y ΛΕΣΒΟΣ |z 2004-10 | ||
| 970 | |a ΜΑΡΙΝΑΤΟΥ |b ΜΥΡΣΙΝΗ |z 2005/06/10 | ||